000 01507nam a2200361 i 4500
001 196248
003 ES-MaACL
005 20250825062657.0
008 240823s2023 sp ||||| |||| 00| 0 spa d
040 _cES-MaACL
100 _aBravo, Clara
_9238572
_epht
245 _aIslandia :
_bHielo y fuego /
_cClara Bravo, Graciela Crespo, José María Díaz-Maroto, Kika Dávila, Luis Eguiagaray, Cristina Hierro, José María Mellado.
260 _aMadrid,
_bCalma y sosiego ediciones,
_c2023.
300 _a98 pág. :
_c21 x 30 cm.
336 _2rdacontent
_aTexto
337 _2rdamedia
_asin mediación
338 _2rdacarrier
_avolumen
650 7 _aFotografía
_2embne
_912943
651 7 _9145596
_aIslandia-
_xGeografía
655 7 _2tgfbne
_aLibros ilustrados
_9193653
700 _aMellado, José María
_epht
_9240335
700 _9238710
_aDíaz-Maroto, José María
_epht
700 _aCrespo, Graciela
_epht
_9240336
700 _aDávila, Kika
_epht
_9240337
700 _9236547
_aEguiagaray, Luis
_epht
700 _aHierro, Cristina
_epht
_9240338
852 _aES-MaACL
_cDEPOJ
_jN-9302
_9205374
_hDonación: Sección de fotografía del Ateneo de Madrid
_gDedicatoria autógrafa de José María Mellado
_xEncuadernación cartoné
903 _aMellado, José María
_ednr
942 _cMONOGRAFIA
_n0
999 _c196248
_d196248